000 00999nam a22003137a 4500
001 BR2014006665
003 BR-BrBNA
005 20230928104518.0
007 ta
008 230509b bl.||||| |||| 00| 0 por d
040 _aBR-BrBNA
_bpor
_cBiblioteca Nacional de Agricultura
041 _a(Por)
072 _aL40
_b8510
090 _ 8510 BR2014006665
100 1 _aAlves, A.C.
110 1 _aUniversidade Federal de Lavras, MG (Brasil)
_0Tese (Mestrado)
245 1 _aDescrição morfológica do sistema respiratório e do coração do jacaré-do-pantanal (Caiman yacare, Daudin 1802)proveniente de zoocriadouro
260 3 _aLavras, MG (Brasil):
_c2014.
300 _a77 p.
500 _aSummaries (Eng, Por); Bibliography p. 71-77; 31 illus.
650 _aJACARÉ
650 _aMORFOLOGIA ANIMAL
650 _aAPARELHO RESPIRATÓRIO
650 _aCORAÇÃO
650 _aANATOMIA ANIMAL
650 _aHISTOLOGIA ANIMAL
909 _a202309
_bLucia
_c55
_dLucia Elande
942 _cBK
999 _c80328
_d80328